| 000 | 00983 a2200193 4500 | ||
|---|---|---|---|
| 001 | 54002 | ||
| 005 | 20260407155810.0 | ||
| 008 | 260407a1966 arg spa d | ||
| 003 | AR-UNSa-BCEJYS | ||
| 040 |
_aAR-UNSa-BCEJYS _bspa _cAR-UNSa-BCEJYS |
||
| 080 |
_a338.2 _xPolítica económica. Control de la economía. Gestión de la economía. Planificación económica |
||
| 245 | 1 | 0 | _aTeoría de política económica |
| 264 | 1 |
_aMadrid : _bEdiciones Rialp _c1966 |
|
| 300 |
_a195 p. _c24 cm. |
||
| 505 | _aPrimera Conferencia: El sistema de libertad económica - Segunda Conferencia: La funciones económicas del estado - Tercera Conferencia: La condición de la gente - Cuarta Conferencia: Los economistas clásicos y el socialismo: De Hume a Senior - Quinta Conferencia: Los economistas clásicos y el socialismo: John Stuart Mill - Sexta Conferencia: Visión general de la teoría clásica | ||
| 942 | _cBK | ||
| 590 | _aniveau_biblio:m niveau_hierar:0 | ||
| 100 | 1 | _aRobbins, Lionel | |
| 999 |
_c5319 _d5319 |
||